[Event "DEM U12w 2023"]
[Site "Willingen GER"]
[Date "2023.06.03"]
[Round "9"]
[White "Rutschmann, Polly"]
[Black "Margaryan, Mane"]
[Result "0-1"]
[Termination "normal"]
[Board "16"]
[WhiteElo "1023"]
[BlackElo "1403"]
[WhiteClock "00:30:00"]
[BlackClock "00:52:33"]
[PlyCount "47"]
[WhiteFideId "34621261"]
[BlackFideId "16268237"]
[EventCountry "GER"]
[EventRounds "9"]
[EventType "swiss"]
[EventDate "2023.05.27"]

1. d4 {[%clk 01:30:54]} {[%emt 00:00:05]} d5 {[%clk 01:30:57]} {[%emt
00:00:05]} 2. Nc3 {[%emt 00:00:45]} c6 {[%emt 00:00:35]} 3. Bf4 {[%clk
01:28:13]} {[%emt 00:01:47]} Bf5 {[%clk 01:30:48]} {[%emt 00:00:41]} 4. e3
{[%clk 01:27:09]} {[%emt 00:01:33]} Nf6 {[%clk 01:30:44]} {[%emt 00:00:36]} 5.
Bd3 {[%clk 01:26:37]} {[%emt 00:01:01]} Bxd3 {[%clk 01:31:02]} {[%emt
00:00:14]} 6. Qxd3 {[%clk 01:26:43]} {[%emt 00:00:23]} e6 {[%clk 01:31:17]}
{[%emt 00:00:16]} 7. Nge2 {[%clk 01:25:07]} {[%emt 00:02:04]} Bd6 {[%clk
01:30:42]} {[%emt 00:01:06]} 8. Bxd6 {[%clk 01:24:50]} {[%emt 00:00:47]} Qxd6
{[%clk 01:31:06]} {[%emt 00:00:06]} 9. e4 {[%clk 01:23:02]} {[%emt 00:02:12]}
dxe4 {[%clk 01:29:35]} {[%emt 00:02:07]} 10. Nxe4 {[%clk 01:23:19]} {[%emt
00:00:13]} Nxe4 {[%clk 01:28:59]} {[%emt 00:01:06]} 11. Qxe4 {[%clk 01:23:35]}
{[%emt 00:00:13]} O-O {[%clk 01:27:51]} {[%emt 00:01:40]} 12. O-O-O {[%clk
01:22:16]} {[%emt 00:01:48]} Nd7 {[%clk 01:26:12]} {[%emt 00:02:09]} 13. Qg4
{[%clk 01:19:35]} {[%emt 00:03:09]} Nf6 {[%clk 01:23:29]} {[%emt 00:03:16]} 14.
Qg5 {[%clk 01:19:22]} {[%emt 00:00:40]} h6 {[%clk 01:19:45]} {[%emt 00:04:17]}
15. Qe5 {[%clk 01:17:32]} {[%emt 00:02:20]} Qxe5 {[%clk 01:17:13]} {[%emt
00:03:02]} 16. dxe5 {[%clk 01:17:49]} {[%emt 00:00:12]} Ng4 {[%clk 01:15:26]}
{[%emt 00:02:18]} 17. Rdf1 {[%clk 01:16:00]} {[%emt 00:02:17]} Nxe5 {[%clk
01:14:42]} {[%emt 00:01:16]} 18. f3 {[%clk 01:00:00]} {[%emt 00:16:28]} b5
{[%clk 00:59:13]} {[%emt 00:16:01]} 19. Rd1 {[%clk 00:40:01]} {[%emt 00:20:24]}
Nc4 {[%clk 00:52:59]} {[%emt 00:06:48]} 20. g3 {[%clk 00:22:31]} {[%emt
00:17:57]} Rfd8 {[%clk 00:52:10]} {[%emt 00:01:22]} 21. Rxd8+ {[%clk 00:10:34]}
{[%emt 00:12:26]} Rxd8 {[%clk 00:52:35]} {[%emt 00:00:06]} 22. Rd1 {[%clk
00:01:19]} {[%emt 00:09:40]} Rxd1+ {[%clk 00:52:19]} {[%emt 00:00:51]} 23. Kxd1
{[%clk 00:00:31]} {[%emt 00:01:17]} Nxb2+ {[%clk 00:52:33]} {[%emt 00:00:17]}
24. Kc1 {[%clk 00:30:00]} {[%emt 00:00:31]} 0-1

[Event "DEM U12w 2023"]
[Site "Willingen GER"]
[Date "2023.06.03"]
[Round "9"]
[White "Börner, Emma Charlotte"]
[Black "Fettan, Nua"]
[Result "0-1"]
[Termination "normal"]
[Board "17"]
[WhiteElo "990"]
[BlackElo "1234"]
[WhiteClock "00:57:21"]
[BlackClock "01:10:05"]
[PlyCount "120"]
[WhiteFideId "34637907"]
[BlackFideId "34637362"]
[EventCountry "GER"]
[EventRounds "9"]
[EventType "swiss"]
[EventDate "2023.05.27"]

1. e4 {[%clk 01:30:57]} {[%emt 00:00:02]} e5 {[%clk 01:30:56]} {[%emt
00:00:04]} 2. Nf3 {[%clk 01:31:19]} {[%emt 00:00:07]} Nc6 {[%clk 01:31:19]}
{[%emt 00:00:08]} 3. Bc4 {[%clk 01:31:42]} {[%emt 00:00:07]} Nf6 {[%clk
01:31:23]} {[%emt 00:00:27]} 4. d3 {[%clk 01:30:42]} {[%emt 00:01:30]} d5
{[%clk 01:31:07]} {[%emt 00:00:45]} 5. Bxd5 {[%clk 01:26:50]} {[%emt 00:04:22]}
Nxd5 {[%clk 01:30:59]} {[%emt 00:00:39]} 6. exd5 {[%clk 01:27:01]} {[%emt
00:00:18]} Qxd5 {[%clk 01:30:38]} {[%emt 00:00:51]} 7. Nc3 {[%clk 01:26:31]}
{[%emt 00:01:00]} Qd8 {[%clk 01:29:33]} {[%emt 00:01:36]} 8. O-O {[%clk
01:26:26]} {[%emt 00:00:34]} Bc5 {[%clk 01:29:27]} {[%emt 00:00:32]} 9. Be3
{[%clk 01:25:52]} {[%emt 00:01:08]} Bd6 {[%clk 01:26:58]} {[%emt 00:03:01]} 10.
Qe2 {[%clk 01:22:44]} {[%emt 00:03:37]} O-O {[%clk 01:25:24]} {[%emt 00:02:04]}
11. Rad1 {[%clk 01:20:40]} {[%emt 00:02:33]} Bg4 {[%clk 01:24:36]} {[%emt
00:01:19]} 12. h3 {[%clk 01:17:15]} {[%emt 00:03:54]} Bh5 {[%clk 01:24:03]}
{[%emt 00:01:04]} 13. g4 {[%clk 01:09:39]} {[%emt 00:08:06]} Bg6 {[%clk
01:24:04]} {[%emt 00:00:29]} 14. Bg5 {[%clk 01:08:59]} {[%emt 00:01:10]} Qd7
{[%clk 01:19:14]} {[%emt 00:05:18]} 15. d4 {[%clk 01:06:33]} {[%emt 00:02:58]}
exd4 {[%clk 01:19:02]} {[%emt 00:00:41]} 16. Nxd4 {[%clk 01:06:35]} {[%emt
00:00:28]} Nxd4 {[%clk 01:19:22]} {[%emt 00:00:12]} 17. Rxd4 {[%clk 01:06:57]}
{[%emt 00:00:07]} Bh2+ {[%clk 01:18:28]} {[%emt 00:01:24]} 18. Kxh2 {[%clk
01:06:17]} {[%emt 00:01:08]} Qxd4 {[%clk 01:18:45]} {[%emt 00:00:14]} 19. Be3
{[%clk 01:05:29]} {[%emt 00:01:17]} Qd6+ {[%clk 01:18:20]} {[%emt 00:00:56]}
20. f4 {[%clk 01:05:11]} {[%emt 00:00:46]} h6 {[%clk 01:16:03]} {[%emt
00:02:49]} 21. Rd1 {[%clk 01:03:41]} {[%emt 00:01:57]} Qc6 {[%clk 01:14:05]}
{[%emt 00:02:30]} 22. Bd4 {[%clk 00:59:07]} {[%emt 00:05:04]} Rfe8 {[%clk
01:13:26]} {[%emt 00:01:09]} 23. Qf2 {[%clk 00:58:32]} {[%emt 00:01:03]} Rad8
{[%clk 01:11:29]} {[%emt 00:02:27]} 24. Rc1 {[%clk 00:57:27]} {[%emt 00:01:38]}
a6 {[%clk 01:10:47]} {[%emt 00:01:12]} 25. f5 {[%clk 00:54:15]} {[%emt
00:03:40]} Qd6+ {[%clk 01:08:55]} {[%emt 00:02:24]} 26. Kg1 {[%clk 00:53:58]}
{[%emt 00:00:46]} Qxd4 {[%clk 01:06:58]} {[%emt 00:02:28]} 27. Qxd4 {[%clk
00:54:15]} {[%emt 00:00:13]} Rxd4 {[%clk 01:07:20]} {[%emt 00:00:08]} 28. fxg6
{[%clk 00:54:34]} {[%emt 00:00:10]} fxg6 {[%clk 01:07:26]} {[%emt 00:00:24]}
29. Kf2 {[%clk 00:53:57]} {[%emt 00:01:07]} Rd2+ {[%clk 01:06:49]} {[%emt
00:01:08]} 30. Kf1 {[%clk 00:54:08]} {[%emt 00:00:18]} Rh2 {[%clk 01:07:04]}
{[%emt 00:00:15]} 31. Kg1 {[%clk 00:53:36]} {[%emt 00:01:02]} Rxh3 {[%clk
01:06:40]} {[%emt 00:00:54]} 32. Kg2 {[%clk 00:53:49]} {[%emt 00:00:17]} Rhe3
{[%clk 01:06:14]} {[%emt 00:00:56]} 33. Kf2 {[%clk 00:53:54]} {[%emt 00:00:24]}
c6 {[%clk 01:06:03]} {[%emt 00:00:43]} 34. a4 {[%clk 00:53:28]} {[%emt
00:00:56]} R3e5 {[%clk 01:05:38]} {[%emt 00:00:53]} 35. b3 {[%clk 00:52:35]}
{[%emt 00:01:23]} Rf8+ {[%clk 01:05:37]} {[%emt 00:00:32]} 36. Kg3 {[%clk
00:52:50]} {[%emt 00:00:14]} Re3+ {[%clk 01:05:57]} {[%emt 00:00:12]} 37. Kg2
{[%clk 00:53:09]} {[%emt 00:00:10]} Rxc3 {[%clk 01:06:20]} {[%emt 00:00:08]}
38. b4 {[%clk 00:53:15]} {[%emt 00:00:24]} Rf4 {[%clk 01:05:47]} {[%emt
00:01:03]} 39. a5 {[%clk 00:53:22]} {[%emt 00:00:21]} Rxg4+ {[%clk 01:05:53]}
{[%emt 00:00:25]} 40. Kf2 {[%clk 00:53:34]} {[%emt 00:00:18]} Rf4+ {[%clk
01:05:51]} {[%emt 00:00:32]} 41. Ke2 {[%clk 00:53:38]} {[%emt 00:00:25]} Rh4
{[%clk 01:06:03]} {[%emt 00:00:19]} 42. Kd2 {[%clk 00:53:53]} {[%emt 00:00:15]}
Rhh3 {[%clk 01:06:27]} {[%emt 00:00:06]} 43. Re1 {[%clk 00:54:03]} {[%emt
00:00:19]} Kf7 {[%clk 01:06:01]} {[%emt 00:00:57]} 44. Rf1+ {[%clk 00:54:10]}
{[%emt 00:00:23]} Rcf3 {[%clk 01:06:20]} {[%emt 00:00:11]} 45. Re1 {[%clk
00:54:06]} {[%emt 00:00:34]} Rh2+ {[%clk 01:06:38]} {[%emt 00:00:12]} 46. Kd1
{[%clk 00:54:15]} {[%emt 00:00:20]} Rff2 {[%clk 01:06:45]} {[%emt 00:00:24]}
47. Kc1 {[%clk 00:53:54]} {[%emt 00:00:51]} Rxc2+ {[%clk 01:07:04]} {[%emt
00:00:11]} 48. Kb1 {[%clk 00:54:19]} {[%emt 00:00:06]} Rb2+ {[%clk 01:06:59]}
{[%emt 00:00:34]} 49. Ka1 {[%clk 00:54:30]} {[%emt 00:00:19]} Ra2+ {[%clk
01:07:21]} {[%emt 00:00:08]} 50. Kb1 {[%clk 00:54:45]} {[%emt 00:00:15]} Rhb2+
{[%clk 01:07:49]} {[%emt 00:00:03]} 51. Kc1 {[%clk 00:55:03]} {[%emt 00:00:11]}
Ra1+ {[%clk 01:08:14]} {[%emt 00:00:06]} 52. Kxb2 {[%clk 00:55:19]} {[%emt
00:00:13]} Rxe1 {[%clk 01:08:32]} {[%emt 00:00:12]} 53. Kc3 {[%clk 00:55:40]}
{[%emt 00:00:08]} h5 {[%clk 01:08:53]} {[%emt 00:00:10]} 54. Kd2 {[%clk
00:55:58]} {[%emt 00:00:13]} Re8 {[%clk 01:09:16]} {[%emt 00:00:07]} 55. Kd3
{[%clk 00:56:12]} {[%emt 00:00:16]} h4 {[%clk 01:09:37]} {[%emt 00:00:08]} 56.
Kc4 {[%clk 00:56:35]} {[%emt 00:00:06]} h3 {[%clk 01:09:57]} {[%emt 00:00:11]}
57. Kc5 {[%clk 00:56:57]} {[%emt 00:00:09]} h2 {[%clk 01:10:20]} {[%emt
00:00:07]} 58. Kb6 {[%clk 00:57:14]} {[%emt 00:00:12]} Re7 {[%clk 01:10:39]}
{[%emt 00:00:12]} 59. Kc5 {[%clk 00:57:21]} {[%emt 00:00:22]} h1=Q {[%emt
00:00:18]} 60. Kb6 {[%emt 00:00:26]} Qg1# {[%clk 01:10:05]} {[%emt 00:00:20]}
0-1

[Event "DEM U12w 2023"]
[Site "Willingen GER"]
[Date "2023.06.03"]
[Round "9"]
[White "Albrecht, Sidney Jenna"]
[Black "Eitel, Liz"]
[Result "1/2-1/2"]
[Termination "normal"]
[Board "19"]
[WhiteElo "1079"]
[BlackElo "971"]
[WhiteClock "01:04:17"]
[BlackClock "01:02:23"]
[PlyCount "42"]
[WhiteFideId "34660283"]
[BlackFideId "34622195"]
[EventCountry "GER"]
[EventRounds "9"]
[EventType "swiss"]
[EventDate "2023.05.27"]

1. e4 {[%clk 01:30:57]} {[%emt 00:00:02]} e5 {[%clk 01:30:51]} {[%emt
00:00:10]} 2. Nf3 {[%clk 01:31:20]} {[%emt 00:00:06]} Nc6 {[%clk 01:31:13]}
{[%emt 00:00:08]} 3. Bc4 {[%clk 01:31:44]} {[%emt 00:00:07]} Bc5 {[%clk
01:31:30]} {[%emt 00:00:12]} 4. d4 {[%clk 01:32:04]} {[%emt 00:00:09]} exd4
{[%emt 00:00:46]} 5. Ng5 {[%clk 01:32:26]} Nh6 {[%clk 01:30:47]} {[%emt
00:01:05]} 6. Nxf7 {[%clk 01:32:48]} {[%emt 00:00:09]} Nxf7 {[%clk 01:31:07]}
{[%emt 00:00:10]} 7. Bxf7+ {[%clk 01:33:09]} {[%emt 00:00:09]} Kxf7 {[%clk
01:31:29]} {[%emt 00:00:08]} 8. Qh5+ {[%clk 01:33:31]} {[%emt 00:00:08]} Kg8
{[%clk 01:28:26]} {[%emt 00:03:33]} 9. Qxc5 {[%clk 01:33:48]} {[%emt 00:00:13]}
d6 {[%clk 01:28:02]} {[%emt 00:00:54]} 10. Qb5 {[%clk 01:33:25]} {[%emt
00:00:53]} a6 {[%clk 01:26:32]} {[%emt 00:02:00]} 11. Qc4+ {[%clk 01:30:20]}
{[%emt 00:03:34]} Kf8 {[%clk 01:26:07]} {[%emt 00:00:54]} 12. O-O {[%clk
01:29:42]} {[%emt 00:01:10]} Qf6 {[%clk 01:24:00]} {[%emt 00:02:34]} 13. Qb3
{[%clk 01:26:58]} {[%emt 00:03:17]} Qg6 {[%clk 01:22:40]} {[%emt 00:01:50]} 14.
Nd2 {[%clk 01:26:36]} {[%emt 00:00:52]} Qe6 {[%clk 01:17:33]} {[%emt 00:05:36]}
15. Qa3 {[%clk 01:21:07]} {[%emt 00:06:01]} Bd7 {[%clk 01:14:44]} {[%emt
00:03:18]} 16. f4 {[%clk 01:18:15]} {[%emt 00:03:22]} Kg8 {[%clk 01:10:54]}
{[%emt 00:04:21]} 17. Rf3 {[%clk 01:14:52]} {[%emt 00:03:53]} Rf8 {[%clk
01:07:19]} {[%emt 00:04:03]} 18. g3 {[%clk 01:10:40]} {[%emt 00:04:44]} Rf6
{[%clk 01:05:47]} {[%emt 00:02:00]} 19. f5 {[%clk 01:07:14]} {[%emt 00:03:57]}
Qe7 {[%clk 01:04:16]} {[%emt 00:02:01]} 20. Qb3+ {[%clk 01:04:44]} {[%emt
00:03:01]} Kf8 {[%clk 01:03:43]} {[%emt 00:01:03]} 21. Qxb7 {[%clk 01:04:17]}
{[%emt 00:00:57]} d5 {[%clk 01:02:23]} {[%emt 00:01:49]} 1/2-1/2

[Event "DEM U12w 2023"]
[Site "Willingen GER"]
[Date "2023.06.03"]
[Round "9"]
[White "Neumann, Anna-Lena"]
[Black "Cao, Weiqi"]
[Result "0-1"]
[Termination "normal"]
[Board "20"]
[WhiteElo "740"]
[BlackElo "1315"]
[WhiteClock "01:21:22"]
[BlackClock "01:12:54"]
[PlyCount "94"]
[WhiteFideId "34660321"]
[BlackFideId "34630112"]
[EventCountry "GER"]
[EventRounds "9"]
[EventType "swiss"]
[EventDate "2023.05.27"]

1. e4 {[%clk 01:30:58]} {[%emt 20:39:12]} e6 {[%clk 01:30:54]} {[%emt
00:00:07]} 2. d4 {[%clk 01:31:14]} {[%emt 00:00:14]} d5 {[%clk 01:31:17]}
{[%emt 00:00:07]} 3. e5 {[%clk 01:31:35]} {[%emt 00:00:10]} c5 {[%clk
01:31:13]} {[%emt 00:00:33]} 4. Nf3 {[%clk 01:31:54]} {[%emt 00:00:11]} Qb6
{[%clk 01:31:27]} {[%emt 00:00:16]} 5. Nc3 {[%clk 01:31:39]} {[%emt 00:00:44]}
Nc6 {[%clk 01:31:13]} {[%emt 00:00:44]} 6. Bb5 {[%clk 01:31:49]} {[%emt
00:00:21]} Bd7 {[%clk 01:29:49]} {[%emt 00:01:53]} 7. O-O {[%clk 01:31:25]}
{[%emt 00:00:54]} cxd4 {[%clk 01:28:41]} {[%emt 00:01:37]} 8. Nxd4 {[%clk
01:30:59]} {[%emt 00:00:56]} Nxd4 {[%clk 01:27:43]} {[%emt 00:01:27]} 9. Bxd7+
{[%clk 01:30:54]} {[%emt 00:00:35]} Kxd7 {[%clk 01:27:56]} {[%emt 00:00:18]}
10. Be3 {[%clk 01:30:59]} {[%emt 00:00:25]} Bc5 {[%clk 01:27:29]} {[%emt
00:00:57]} 11. Qh5 {[%clk 01:29:34]} {[%emt 00:01:53]} g6 {[%clk 01:24:22]}
{[%emt 00:03:38]} 12. Qg4 {[%clk 01:28:58]} {[%emt 00:01:04]} Nxc2 {[%clk
01:21:54]} {[%emt 00:03:01]} 13. Nxd5 {[%clk 01:28:50]} {[%emt 00:00:38]} Qc6
{[%clk 01:18:28]} {[%emt 00:03:37]} 14. Rad1 {[%clk 01:29:03]} {[%emt
00:00:36]} Nxe3 {[%clk 01:10:40]} {[%emt 00:08:18]} 15. Nb4+ {[%clk 01:28:52]}
{[%emt 00:00:41]} Kc7 {[%clk 01:10:24]} {[%emt 00:00:30]} 16. Nxc6 {[%clk
01:28:40]} {[%emt 00:00:59]} Nxg4 {[%clk 01:10:41]} {[%emt 00:00:12]} 17. Na5
{[%clk 01:27:27]} {[%emt 00:01:42]} Nxf2 {[%clk 01:09:28]} {[%emt 00:01:45]}
18. Rc1 {[%clk 01:27:19]} {[%emt 00:00:37]} Nd3+ {[%clk 01:09:41]} {[%emt
00:00:18]} 19. Rxc5+ {[%clk 01:27:50]} {[%emt 00:01:52]} Nxc5 {[%clk 01:12:03]}
{[%emt 00:00:07]} 20. Rc1 {[%clk 01:27:55]} {[%emt 00:00:24]} Kb6 {[%clk
01:12:12]} {[%emt 00:00:22]} 21. Nc4+ {[%emt 00:01:38]} Ka6 {[%clk 01:11:24]}
{[%emt 00:00:13]} 22. Rc3 {[%clk 01:27:21]} {[%emt 00:00:59]} Ne7 {[%clk
01:10:54]} {[%emt 00:01:02]} 23. b4 {[%clk 01:27:11]} {[%emt 00:00:40]} Na4
{[%clk 01:10:43]} {[%emt 00:00:39]} 24. Ra3 {[%clk 01:27:19]} {[%emt 00:00:21]}
Kb5 {[%clk 01:10:51]} {[%emt 00:00:19]} 25. Nd6+ {[%clk 01:27:21]} {[%emt
00:00:32]} Kxb4 {[%clk 01:10:37]} {[%emt 00:00:44]} 26. Rb3+ {[%clk 01:27:32]}
{[%emt 00:00:20]} Kc5 {[%clk 01:10:31]} {[%emt 00:00:33]} 27. Rb5+ {[%clk
01:27:24]} {[%emt 00:00:40]} Kc6 {[%clk 01:10:14]} {[%emt 00:00:36]} 28. Rxb7
{[%clk 01:26:38]} {[%emt 00:01:26]} Rhd8 {[%clk 01:09:50]} {[%emt 00:00:53]}
29. Rxe7 {[%clk 01:26:01]} {[%emt 00:01:08]} Rd7 {[%clk 01:08:01]} {[%emt
00:02:19]} 30. Re8 {[%clk 01:22:39]} {[%emt 00:03:32]} Rxe8 {[%clk 01:08:19]}
{[%emt 00:00:34]} 31. Nxe8 {[%clk 01:22:54]} {[%emt 00:00:15]} Kd5 {[%clk
01:08:36]} {[%emt 00:00:11]} 32. Nf6+ {[%clk 01:22:47]} {[%emt 00:00:38]} Kc6
{[%clk 01:08:49]} {[%emt 00:00:18]} 33. Nxh7 {[%clk 01:22:29]} {[%emt
00:00:47]} Rd5 {[%clk 01:08:33]} {[%emt 00:00:41]} 34. Nf8 {[%clk 01:22:01]}
{[%emt 00:01:03]} Rxe5 {[%clk 01:08:48]} {[%emt 00:00:16]} 35. h4 {[%clk
01:21:56]} {[%emt 00:00:34]} Rh5 {[%clk 01:09:06]} {[%emt 00:00:13]} 36. g3
{[%clk 01:21:55]} {[%emt 00:00:30]} Rh8 {[%clk 01:09:28]} {[%emt 00:00:08]} 37.
Nxg6 {[%clk 01:21:46]} {[%emt 00:00:40]} fxg6 {[%clk 01:09:52]} {[%emt
00:00:06]} 38. Kg2 {[%clk 01:21:41]} {[%emt 00:00:33]} Rf8 {[%clk 01:10:06]}
{[%emt 00:00:17]} 39. Kh3 {[%clk 01:21:34]} {[%emt 00:00:37]} e5 {[%clk
01:10:27]} {[%emt 00:00:09]} 40. g4 {[%clk 01:21:44]} {[%emt 00:00:18]} e4
{[%clk 01:10:47]} {[%emt 00:00:13]} 41. h5 {[%clk 01:21:47]} {[%emt 00:00:26]}
gxh5 {[%clk 01:11:01]} {[%emt 00:00:17]} 42. gxh5 {[%clk 01:22:02]} {[%emt
00:00:14]} e3 {[%clk 01:11:27]} {[%emt 00:00:04]} 43. Kg4 {[%clk 01:22:08]}
{[%emt 00:00:24]} e2 {[%clk 01:11:50]} {[%emt 00:00:08]} 44. h6 {[%clk
01:22:08]} {[%emt 00:00:30]} e1=Q {[%clk 01:12:16]} {[%emt 00:00:04]} 45. Kg5
{[%clk 01:22:14]} {[%emt 00:00:23]} Qg1+ {[%clk 01:12:40]} {[%emt 00:00:06]}
46. Kh5 {[%clk 01:22:08]} {[%emt 00:00:36]} Rf2 {[%clk 01:13:00]} {[%emt
00:00:11]} 47. h7 {[%clk 01:21:22]} {[%emt 00:01:16]} Rh2+ {[%clk 01:12:54]}
{[%emt 00:00:36]} 0-1

[Event "DEM U12w 2023"]
[Site "Willingen GER"]
[Date "2023.06.03"]
[Round "9"]
[White "Baus, Louise Marie"]
[Black "Myronova, Alisa"]
[Result "0-1"]
[Termination "normal"]
[Board "21"]
[WhiteElo "759"]
[BlackElo "1314"]
[WhiteClock "01:17:14"]
[BlackClock "01:34:41"]
[PlyCount "120"]
[WhiteFideId "34660291"]
[BlackFideId "34160671"]
[EventCountry "GER"]
[EventRounds "9"]
[EventType "swiss"]
[EventDate "2023.05.27"]

1. e4 {[%clk 01:30:58]} {[%emt 00:00:01]} d5 {[%clk 01:30:56]} {[%emt
00:00:05]} 2. exd5 {[%clk 01:31:12]} {[%emt 00:00:15]} Qxd5 {[%clk 01:31:22]}
{[%emt 00:00:05]} 3. Nc3 {[%clk 01:31:32]} {[%emt 00:00:10]} Qa5 {[%clk
01:31:49]} {[%emt 00:00:04]} 4. d4 {[%clk 01:31:20]} {[%emt 00:00:41]} c6
{[%clk 01:32:14]} {[%emt 00:00:05]} 5. Bd2 {[%clk 01:31:16]} {[%emt 00:00:34]}
Qc7 {[%clk 01:32:39]} {[%emt 00:00:05]} 6. Bc4 {[%clk 01:31:17]} {[%emt
00:00:29]} Bf5 {[%clk 01:32:45]} {[%emt 00:00:24]} 7. Nf3 {[%clk 01:31:01]}
{[%emt 00:00:46]} e6 {[%clk 01:33:05]} {[%emt 00:00:10]} 8. O-O {[%clk
01:30:49]} {[%emt 00:00:42]} Nf6 {[%clk 01:32:49]} {[%emt 00:00:45]} 9. Re1
{[%clk 01:29:32]} {[%emt 00:01:47]} Be7 {[%clk 01:32:41]} {[%emt 00:00:39]} 10.
Ne5 {[%clk 01:28:29]} {[%emt 00:01:33]} O-O {[%clk 01:32:20]} {[%emt 00:00:51]}
11. Bf4 {[%clk 01:27:49]} {[%emt 00:01:10]} Bd6 {[%clk 01:32:22]} {[%emt
00:00:28]} 12. Bg3 {[%clk 01:27:14]} {[%emt 00:01:05]} Nbd7 {[%clk 01:32:28]}
{[%emt 00:00:25]} 13. Bd3 {[%clk 01:25:46]} {[%emt 00:01:57]} Bxd3 {[%clk
01:31:59]} {[%emt 00:00:59]} 14. Qxd3 {[%clk 01:25:46]} {[%emt 00:00:29]} Nd5
{[%clk 01:31:52]} {[%emt 00:00:32]} 15. Nxd7 {[%clk 01:25:12]} {[%emt
00:01:09]} Qxd7 {[%clk 01:32:08]} {[%emt 00:00:15]} 16. Rad1 {[%clk 01:24:51]}
{[%emt 00:00:50]} Bxg3 {[%clk 01:30:50]} {[%emt 00:01:49]} 17. Qxg3 {[%clk
01:24:59]} {[%emt 00:00:22]} Qc7 {[%clk 01:30:28]} {[%emt 00:00:52]} 18. Qe5
{[%clk 01:23:22]} {[%emt 00:02:06]} Qxe5 {[%clk 01:30:39]} {[%emt 00:00:18]}
19. Rxe5 {[%clk 01:23:19]} {[%emt 00:00:33]} Nxc3 {[%clk 01:31:03]} {[%emt
00:00:07]} 20. bxc3 {[%clk 01:23:37]} {[%emt 00:00:11]} Rfd8 {[%clk 01:30:43]}
{[%emt 00:00:51]} 21. Rde1 {[%clk 01:22:53]} {[%emt 00:01:14]} Rd5 {[%clk
01:30:49]} {[%emt 00:00:23]} 22. R5e3 {[%clk 01:19:13]} {[%emt 00:04:11]} Rb5
{[%clk 01:30:45]} {[%emt 00:00:34]} 23. Ra1 {[%clk 01:18:20]} {[%emt 00:01:23]}
Kf8 {[%clk 01:30:51]} {[%emt 00:00:23]} 24. c4 {[%clk 01:18:08]} {[%emt
00:00:42]} Rf5 {[%clk 01:29:38]} {[%emt 00:01:43]} 25. Re5 {[%clk 01:17:44]}
{[%emt 00:00:55]} Rxe5 {[%clk 01:29:42]} {[%emt 00:00:25]} 26. dxe5 {[%clk
01:18:04]} {[%emt 00:00:10]} Rd8 {[%clk 01:29:58]} {[%emt 00:00:14]} 27. Rb1
{[%emt 00:01:47]} Rd2 {[%clk 01:29:26]} {[%emt 00:00:06]} 28. f4 {[%clk
01:16:20]} {[%emt 00:01:54]} b6 {[%clk 01:29:29]} {[%emt 00:00:27]} 29. Rb2
{[%clk 01:15:50]} {[%emt 00:00:59]} Rd4 {[%clk 01:29:53]} {[%emt 00:00:06]} 30.
g3 {[%clk 01:15:25]} {[%emt 00:00:55]} Rxc4 {[%clk 01:30:17]} {[%emt 00:00:07]}
31. Kf2 {[%clk 01:15:28]} {[%emt 00:00:27]} Ke7 {[%clk 01:30:09]} {[%emt
00:00:38]} 32. Ke3 {[%clk 01:15:24]} {[%emt 00:00:34]} Kd7 {[%clk 01:30:26]}
{[%emt 00:00:14]} 33. Kd3 {[%clk 01:15:33]} {[%emt 00:00:21]} Rc5 {[%clk
01:30:50]} {[%emt 00:00:06]} 34. Rb4 {[%clk 01:14:36]} {[%emt 00:01:27]} Rd5+
{[%clk 01:30:31]} {[%emt 00:00:48]} 35. Rd4 {[%clk 01:14:52]} {[%emt 00:00:14]}
Rxd4+ {[%clk 01:30:49]} {[%emt 00:00:13]} 36. Kxd4 {[%clk 01:15:12]} {[%emt
00:00:10]} a5 {[%clk 01:31:09]} {[%emt 00:00:11]} 37. a4 {[%clk 01:15:18]}
{[%emt 00:00:23]} Ke7 {[%clk 01:30:52]} {[%emt 00:00:46]} 38. c4 {[%clk
01:15:33]} {[%emt 00:00:16]} Kd7 {[%clk 01:28:37]} {[%emt 00:02:46]} 39. c5
{[%clk 01:15:51]} {[%emt 00:00:11]} b5 {[%clk 01:28:57]} {[%emt 00:00:09]} 40.
axb5 {[%clk 01:15:39]} {[%emt 00:00:42]} cxb5 {[%clk 01:29:21]} {[%emt
00:00:07]} 41. h3 {[%clk 01:15:51]} {[%emt 00:00:18]} Kc6 {[%clk 01:29:45]}
{[%emt 00:00:06]} 42. g4 {[%clk 01:15:58]} {[%emt 00:00:23]} a4 {[%clk
01:30:07]} {[%emt 00:00:08]} 43. Kc3 {[%clk 01:16:09]} {[%emt 00:00:18]} Kxc5
{[%clk 01:30:30]} {[%emt 00:00:07]} 44. Kb2 {[%clk 01:16:26]} {[%emt 00:00:14]}
b4 {[%clk 01:30:55]} {[%emt 00:00:05]} 45. f5 {[%clk 01:16:23]} {[%emt
00:00:32]} Kc4 {[%clk 01:30:55]} {[%emt 00:00:31]} 46. Kc2 {[%clk 01:16:03]}
{[%emt 00:00:49]} a3 {[%clk 01:31:14]} {[%emt 00:00:11]} 47. Kb1 {[%clk
01:16:17]} {[%emt 00:00:16]} b3 {[%clk 01:31:37]} {[%emt 00:00:06]} 48. Ka1
{[%clk 01:16:35]} {[%emt 00:00:12]} Kd5 {[%clk 01:31:33]} {[%emt 00:00:35]} 49.
Kb1 {[%clk 01:16:35]} {[%emt 00:00:31]} b2 {[%clk 01:31:48]} {[%emt 00:00:15]}
50. Ka2 {[%clk 01:16:37]} {[%emt 00:00:27]} Kxe5 {[%clk 01:32:12]} {[%emt
00:00:06]} 51. Kb1 {[%clk 01:15:12]} {[%emt 00:01:55]} Kd5 {[%clk 01:32:34]}
{[%emt 00:00:08]} 52. Ka2 {[%clk 01:15:28]} {[%emt 00:00:15]} e5 {[%clk
01:32:57]} {[%emt 00:00:07]} 53. g5 {[%clk 01:15:41]} {[%emt 00:00:17]} e4
{[%clk 01:33:12]} {[%emt 00:00:15]} 54. f6 {[%clk 01:15:55]} {[%emt 00:00:15]}
g6 {[%clk 01:33:36]} {[%emt 00:00:06]} 55. h4 {[%clk 01:16:06]} {[%emt
00:00:19]} e3 {[%clk 01:34:03]} {[%emt 00:00:03]} 56. h5 {[%clk 01:16:24]}
{[%emt 00:00:12]} e2 {[%clk 01:34:22]} {[%emt 00:00:12]} 57. hxg6 {[%clk
01:16:20]} {[%emt 00:00:34]} hxg6 {[%clk 01:34:44]} {[%emt 00:00:08]} 58. Kb1
{[%clk 01:16:30]} {[%emt 00:00:20]} e1=Q+ {[%clk 01:34:40]} {[%emt 00:00:32]}
59. Ka2 {[%clk 01:16:53]} {[%emt 00:00:09]} b1=Q+ {[%clk 01:34:41]} {[%emt
00:00:28]} 60. Kxa3 {[%clk 01:17:14]} {[%emt 00:00:09]} Qa5# {[%emt 00:01:07]}
0-1